Minecraft Advancements By Description - Statistics

General Stats
  • This quiz has been taken 10 times
  • The average score is 51 of 125
Answer Stats
Advancement Description % Correct
Diamonds! Acquire diamonds
86%
Hot Stuff Fill a Bucket with lava
86%
The End? Enter the End Portal
86%
A Seedy Place Plant a seed and watch it grow
71%
Hero of the Village Successfully defend a village from a raid
71%
How Did We Get Here? Have every effect applied at the same time
71%
Return to Sender Destroy a Ghast with a fireball
71%
Sneak 100 Sneak near a Sculk Sensor or Warden to prevent it from detecting you
71%
Spooky Scary Skeleton Obtain a Wither Skeleton's skull
71%
Sweet Dreams Sleep in a Bed to change your respawn point
71%
The End... Again... Respawn the Ender Dragon
71%
We Need to Go Deeper Build, light and enter a Nether Portal
71%
Who is Cutting Onions? Obtain Crying Obsidian
71%
Zombie Doctor Weaken and then cure a Zombie Villager
71%
A Terrible Fortress Break your way into a Nether Fortress
57%
Beaconator Bring a Beacon to full power
57%
Cover Me in Debris Get a full suit of Netherite armor
57%
Enchanter Enchant an item at an Enchanting Table
57%
Getting an Upgrade Construct a better Pickaxe
57%
Great View From Up Here Levitate up 50 blocks from the attacks of a Shulker
57%
Hot Tourist Destinations Explore all Nether biomes
57%
Is It a Balloon? Look at a Ghast through a Spyglass
57%
Is It a Bird? Look at a Parrot through a Spyglass
57%
Is It a Plane? Look at the Ender Dragon through a Spyglass
57%
Monster Hunter Kill any hostile monster
57%
Postmortal Use a Totem of Undying to cheat death
57%
Serious Dedication Use a Netherite Ingot to upgrade a Hoe, and then reevaluate your life choices
57%
Sky's the Limit Find Elytra
57%
Sniper Duel Kill a Skeleton from at least 50 meters away
57%
Star Trader Trade with a Villager at the build height limit
57%
Stone Age Mine Stone with your new Pickaxe
57%
Tactical Fishing Catch a Fish... without a Fishing Rod!
57%
Take Aim Shoot something with an Arrow
57%
The End Or the beginning?
57%
The Next Generation Hold the Dragon Egg
57%
Wax Off Scrape Wax off of a Copper block!
57%
What a Deal! Successfully trade with a Villager
57%
Acquire Hardware Smelt an Iron Ingot
43%
A Furious Cocktail Have every potion effect applied at the same time
43%
Arbalistic Kill five unique mobs with one crossbow shot
43%
A Throwaway Joke Throw a Trident at something.Note: Throwing away your only weapon is not a good idea.
43%
Bee Our Guest Use a Campfire to collect Honey from a Beehive using a Glass Bottle without aggravating the Bees
43%
Best Friends Forever Tame an animal
43%
Bring Home the Beacon Construct and place a Beacon
43%
Bullseye Hit the bullseye of a Target block from at least 30 meters away
43%
Country Lode, Take Me Home Use a Compass on a Lodestone
43%
Cover Me with Diamonds Diamond armor saves lives
43%
Eye Spy Follow an Eye of Ender
43%
Ice Bucket Challenge Obtain a block of Obsidian
43%
Into Fire Relieve a Blaze of its rod
43%
Isn't It Iron Pick Upgrade your Pickaxe
43%
It Spreads Kill a mob near a Sculk Catalyst
43%
Light as a Rabbit Walk on Powder Snow... without sinking in it
43%
Minecraft The heart and story of the game
43%
Monsters Hunted Kill one of every hostile monster
43%
Not Quite "Nine" Lives Charge a Respawn Anchor to the maximum
43%
Not Today, Thank You Deflect a projectile with a Shield
43%
Oh Shiny Distract Piglins with gold
43%
Ol' Betsy Shoot a Crossbow
43%
Sound of Music Make the Meadows come alive with the sound of music from a Jukebox
43%
Subspace Bubble Use the Nether to travel 7 km in the Overworld
43%
Suit Up Protect yourself with a piece of iron armor
43%
The Cutest Predator Catch an Axolotl in a Bucket
43%
The Parrots and the Bats Breed two animals together
43%
This Boat Has Legs Ride a Strider with a Warped Fungus on a Stick
43%
Those Were the Days Enter a Bastion Remnant
43%
Uneasy Alliance Rescue a Ghast from the Nether, bring it safely home to the Overworld... and then kill it
43%
Voluntary Exile Kill a raid captain.Maybe consider staying away from villages for the time being...
43%
War Pigs Loot a Chest in a Bastion Remnant
43%
Who Needs Rockets? Use a Wind Charge to launch yourself upwards 8 blocks
43%
Who's the Pillager Now? Give a Pillager a taste of their own medicine
43%
A Balanced Diet Eat everything that is edible, even if it's not good for you
29%
A Complete Catalogue Tame all Cat variants!
29%
Adventure Adventure, exploration and combat
29%
Adventuring Time Discover every biome
29%
Bukkit Bukkit Catch a Tadpole in a Bucket
29%
Caves & Cliffs Free fall from the top of the world (build limit) to the bottom of the world and survive
29%
Crafters Crafting Crafters Be near a Crafter when it crafts a Crafter
29%
Feels Like Home Take a Strider for a loooong ride on a lava lake in the Overworld
29%
Fishy Business Catch a fish
29%
Free the End Good luck
29%
Good as New Repair a damaged Wolf Armor using Armadillo Scutes
29%
Hidden in the Depths Obtain Ancient Debris
29%
Hired Help Summon an Iron Golem to help defend a village
29%
Husbandry The world is full of friends and food
29%
Isn't It Scute? Get Armadillo Scutes from an Armadillo using a Brush
29%
Lighten Up Scrape a Copper Bulb with an Axe to make it brighter
29%
Local Brewery Brew a Potion
29%
Minecraft: Trial(s) Edition Step foot in a Trial Chamber
29%
Nether Bring summer clothes
29%
Over-Overkill Deal 50 hearts of damage in a single hit using the Mace
29%
Remote Getaway Escape the island
29%
Respecting the Remnants Brush a Suspicious block to obtain a Pottery Sherd
29%
Revaulting Use an Ominous Trial Key on an Ominous Vault
29%
Shear Brilliance Remove Wolf Armor from a Wolf using Shears
29%
Stay Hydrated! Place a Dried Ghast block into water
29%
Sticky Situation Jump into a Honey Block to break your fall
29%
Surge Protector Protect a Villager from an undesired shock without starting a fire
29%
The City at the End of the Game Go on in, what could happen?
29%
The Power of Books Read the power signal of a Chiseled Bookshelf using a Comparator
29%
The Whole Pack Tame one of each Wolf variant
29%
Two Birds, One Arrow Kill two Phantoms with a piercing Arrow
29%
Two by Two Breed all the animals!
29%
Very Very Frightening Strike a Villager with lightning
29%
Wax On Apply Honeycomb to a Copper block!
29%
Withering Heights Summon the Wither
29%
You Need a Mint Collect Dragon's Breath in a Glass Bottle
29%
Birthday Song Have an Allay drop a Cake at a Note Block
14%
Blowback Kill a Breeze with a deflected Breeze-shot Wind Charge
14%
Careful Restoration Make a Decorated Pot out of 4 Pottery Sherds
14%
Crafting a New Look Craft a trimmed armor at a Smithing Table
14%
Glow and Behold! Make the text of any kind of sign glow
14%
Heart Transplanter Place a Creaking Heart with the correct alignment between two Pale Oak Log blocks
14%
Little Sniffs Feed a Snifflet
14%
Mob Kabob Hit five mobs in the same Charge attack using the Spear.
14%
Planting the Past Plant any Sniffer seed
14%
Smells Interesting Obtain a Sniffer Egg
14%
Smithing with Style Apply these smithing templates at least once: Spire, Snout, Rib, Ward, Silence, Vex, Tide, Wayfinder
14%
The Healing Power of Friendship! Team up with an axolotl and win a fight
14%
Total Beelocation Move a Bee Nest, with 3 Bees inside, using Silk Touch
14%
Under Lock and Key Use a Trial Key on a Vault
14%
Whatever Floats Your Goat! Get in a Boat and float with a Goat
14%
When the Squad Hops into Town Get each Frog variant on a Lead
14%
You've Got a Friend in Me Have an Allay deliver items to you
14%
With Our Powers Combined! Have all Froglights in your inventory
0%
No matching quizzes found
Score Distribution
Percent of People with Each Score
Percentile by Number Answered
Your Score History
You have not taken this quiz